| 000 | 00756nam a2200229Ii 4500 | ||
|---|---|---|---|
| 003 | JO-AjNU | ||
| 008 | 230605s9999||||xx |||||||||||||| ||und|| | ||
| 017 | _a2006/6/1583 | ||
| 020 | _a9957-02-247-4 | ||
| 040 |
_aJO-AjNU _bara _erda _cJO-AjNU |
||
| 041 | _aara | ||
| 050 | 1 | 4 | _aPJ7846.A755.Z52 2006 |
| 100 | 3 |
_aإعداد وتقديم عبيدالله،محمد, _eauthor _911814 |
|
| 245 | 0 | 0 | _aشعرية الجذور: قراءات في شعر عز الدين المناصرة |
| 250 | _aط1 | ||
| 264 | 3 | 1 | _aعمان:دار مجدلاوي،2006 |
| 300 | _a273ص | ||
| 336 |
_atext _btxt _2rdacontent |
||
| 337 |
_aunmediated _bn _2rdamedia |
||
| 338 |
_avolume _bnc _2rdacarrier |
||
| 650 | 4 |
_aالشعر العربي - تحليل ونقد _911815 |
|
| 999 |
_aA2517 _c6085 _d6085 |
||